Responsabilidad civil /
Culpa de la víctima y relación de causalidad. Riesgo de desarrollo en productos de consumo. Los accidentes de la circulación. Daños en la propiedad horizontal. Error y culpa médica. El daño moral. El daño por pérdida de una chance. El acoso psicológico en el trabajo. Terminación unilateral del contr...
Guardado en:
| Otros Autores: | |
|---|---|
| Formato: | Libro |
| Idioma: | Spanish |
| Publicado: |
Santa Fe :
Rubinzal Culzoni,
2007.
|
| Edición: | 1a. ed. |
| Materias: | |
| Etiquetas: |
Agregar Etiqueta
Sin Etiquetas, Sea el primero en etiquetar este registro!
|
| LEADER | 00893nam a22001815a 4500 | ||
|---|---|---|---|
| 001 | DER.der005426 | ||
| 008 | 180615s2007####ag#||||||||||||||#||spa|| | ||
| 005 | 20251203153321.0 | ||
| 245 | 1 | 0 | |a Responsabilidad civil / |c Aída Kemelmajer de Carlucci. |
| 250 | |a 1a. ed. | ||
| 260 | |a Santa Fe : |b Rubinzal Culzoni, |c 2007. | ||
| 300 | |a 804 p. | ||
| 520 | |a Culpa de la víctima y relación de causalidad. Riesgo de desarrollo en productos de consumo. Los accidentes de la circulación. Daños en la propiedad horizontal. Error y culpa médica. El daño moral. El daño por pérdida de una chance. El acoso psicológico en el trabajo. Terminación unilateral del contrato. Daño por pérdida de vida. | ||
| 020 | |a 9789507278532 | ||
| 700 | 1 | |a Kemelmajer de Carlucci, Aída | |
| 650 | 7 | |a RESPONSABILIDAD CIVIL | |
| 859 | |a DERECHO |b BIB. DERECHO |h 346 |i RES |p 005540 | ||
| 859 | |a DERECHO |b BIB. DERECHO |h 346 |i RES |p 006147 |t 1 | ||
